1407 1911 1159 1744 1959 1994 1163 1976 1126 1687 1508 1353 1558 1619 1693 1371 1459 1522 1753 1116 1410 1128 1350 1898 1932 1632 1753 1019 1943 1710 1005 1735 1361 1081 1522 1825 1307 1506 1057 1133 1989 1429 1751 1052 1087 1329 1844 1556 1321 1318 1837 1776 1097 1801 1686 1144 1701 1416 1021 1145 1231 1200 1539 1279 1395 1703 1741 1375 1760 1993 1111 1120 1710 1263 1004 1839 1883 1311 1797 1281 1187 1424 1462 1767 1976 1668 1896 1899 1324 1336 1570 1565 1214 1874 1466 1202 1138 1583 1425 BCNSPRNW ULIB Ver.6.0+V

เปลี่ยนเป็นภาษาไทย

Change to English
 แสดงรายละเอียดบรรณานุกรม
  กลับหน้าหลัก

Brief Record : Get Marc (ISO 2709) : E-mail record : QR code < ปิดหน้าต่าง
LEADER : 00000nas 2200000uu 4500
001    13399122791
003     ULIB
008    130926s||||||||th 000 0 tha d
022 0  08992993
110 1  ฝ่ายการพยาบาล โรงพยาบาลมหาราชนครเชียงใหม่ และคณะแพทยศาสตร์ มหาวิทยาลัยเชียงใหม่
245 00 วารสารพยาบาลสวนดอก
310    ^aราย 6 เดือน
700 0  สิริลักษณ์ สลักคำ^eบรรณาธิการ
710 1  คณะแพทยศาสตร์ มหาวิทยาลัยเชียงใหม่
850 ^a ULIB^bปีที่ 18 ฉบับที่ 2 ;ปีที่ 18 ฉบับที่ 1 ;ปีที่ 19 ฉบับที่ 2 ;ปีที่ 20 ฉบับที่ 1 ฉ.1 ;ปีที่ 20 ฉบับที่ 2 ฉ.1 ;ปีที่ 21 ฉบับที่ 2 ฉ.1
945    ^p0^l0^i901607
945    ^p0^l0^i901608
945    ^p0^l0^i902093
945    ^p0^l0^i902468
945    ^p0^l0^i902833
945    ^p0^l0^i903517
999    ^aเกษร โพธิ์สุวรรณ
รายการนี้ยังไม่มีแท็ก
คุณยังไม่ได้ล็อกอิน คุณสามารถมีกิจกรรมร่วมกับเว็บไซต์ได้ แต่ต้องล็อกอินก่อน ::
  ล็อกอิน

รายการสื่อสารสนเทศ (วารสาร)

ดูแบบ: กล่อง รายการ
ARRIVED
ปีที่ 18 ฉบับที่ 1
สถานที่: ห้องสมุดวิทยาเขตสวรรค์ประชารักษ์ >วารสาร
ARRIVED
ปีที่ 18 ฉบับที่ 2
สถานที่: ห้องสมุดวิทยาเขตสวรรค์ประชารักษ์ >วารสาร
ARRIVED
ปีที่ 19 ฉบับที่ 2
สถานที่: ห้องสมุดวิทยาเขตสวรรค์ประชารักษ์ >วารสาร
ARRIVED
ปีที่ 20 ฉบับที่ 1 ฉ.1
สถานที่: ห้องสมุดวิทยาเขตสวรรค์ประชารักษ์ >วารสาร
ARRIVED
ปีที่ 20 ฉบับที่ 2 ฉ.1
สถานที่: ห้องสมุดวิทยาเขตสวรรค์ประชารักษ์ >วารสาร
ARRIVED
ปีที่ 21 ฉบับที่ 2 ฉ.1
สถานที่: ห้องสมุดวิทยาเขตสวรรค์ประชารักษ์ >หนังสือพิมพ์
รายการใกล้เคียง
    ชื่อเรื่อง [วารสารพยาบาลสวนดอก]

BibComment


ยังไม่เคยถูกคอมเมนท์

คอมเมนท์ทรัพยากรรายการนี้
  คอมเมนท์: วารสารพยาบาลสวนดอก


 Copyright 2026. Bcnsprnw @Library